=LDR 00000nam 2200000 4500 =001 INLIS000000000049885 =005 20210505094744 =035 ##$$a 0010-041700000000075 =008 210505###########################0###### =020 ##$$a 978 - 978 - 18856 - 0 - 3 =040 ##$$a NBPDMAT =082 ##$$a 346. 043 =084 ##$$a 346. 043 =100 ##$$a SITI MARYAM R. SALAHUDDIN =245 1#$$a Naskah Hukum Adat Tanah Bima dalam Perspektif Hukum Islam / Siti Maryam R. Salahuddin ; editor, Mukhlis Muma Leon =260 ##$$a Bima :$b Samparaja Bima,$c 2015 =300 ##$$a xi, 213 hlm. ; $c 23cm. =440 ##$$a HUKUM TANAH - ADAT BIMA =500 ##$$a Biografi : hlm 1277 - 286 =650 #4$$a Hukum Tanah - Adat Bima =700 #$$a Mukhlis Muma Leon =850 ##$$a NBPDMAT =990 ##$$a 013/46/2017 =990 ##$$a 013/46/2017 =990 ##$$a 013/46/2017 =990 ##$$a 013/46/2017